| 000 | 00896nam a22002537a 4500 | ||
|---|---|---|---|
| 005 | 20100531163337.0 | ||
| 008 | 100531t xxu||||| |||| 00| 0 eng d | ||
| 010 | _aENG-96229 | ||
| 020 |
_a9780070702493 _c395.00 |
||
| 020 |
_a0070702497 _c395.00 |
||
| 035 | _aEN-79762 | ||
| 037 | _bDBAD/PUB | ||
| 040 |
_aDPL _bEng |
||
| 082 | _a624.171 | ||
| 100 |
_aWang, C.K. _d1917- _qWang, Chu-Kia, |
||
| 245 |
_aIntermediate structural analysis / _cby C.K. Wang |
||
| 260 |
_aNew Delhi _bTata McGraw-Hill _c2010 |
||
| 270 |
_a7, West Patel Nagar _bNew Delhi _e110008 |
||
| 300 |
_axv, 790 p. : _bill. _c24 cm (pbk) |
||
| 500 | _aIncludes index. | ||
| 650 | _aStructural analysis (Engineering) | ||
| 942 |
_2ddc _cEN _h624.171 _mWAN |
||
| 999 |
_c36424 _d36424 |
||